000 00587nam a22001937a 4500
003 OSt
008 260423b |||||||| |||| 00| 0 eng d
020 _a9788119103096
082 _a641.3318
_bO12M
245 _aMillet marvels: a sustainable food renaissance/ edited by Harinder Singh Oberoi and Komal Chauhan
260 _aNew Delhi:
_bNIPA, GENX Electronic Resources & Soultions;
_c2023.
300 _axvii, 439 p.
650 _aHome & family management
650 _aFood
650 _aMillet
700 _aOberoi, Harinder Singh
700 _aChauhan, Komal
942 _2ddc
_cBK
999 _c50115
_d50115